| 000 | 00000nam 2200000za 4500 |
| 001 | 9.699996 |
| 003 | CaOODSP |
| 005 | 20210625000632 |
| 007 | cr ||||||||||| |
| 008 | 150407s1917 onc|||||o f|0| 0 eng d |
| 040 | |aCaOODSP|beng |
| 043 | |an-cn--- |
| 086 | 1 |aCP32-156/1917E-PDF |
| 086 | 1 |aZ1-1915/4E-PDF |
| 245 | 00|aReport of the commissioner concerning purchase of submarines |h[electronic resource]|cRoyal Commission [Concerning Purchase of War Supplies and Sale of Small Arms Ammunition] ; Sir Charles Davidson, commissioner. |
| 246 | 1 |aReport of commissioner - war supplies purchases |
| 260 | |aOttawa : |bRoyal Commission Concerning Purchase of War Supplies and Sale of Small Arms Ammunition, |c1917. |
| 300 | |a25 p. |
| 500 | |aDigitized edition from print [produced by Privy Council Office.]. |
| 500 | |aSir Charles Davidson, Commissioner. |
| 590 | |a15-04-Supp|b2015-03-19 |
| 690 | 07|aCommissions of inquiry|2gcpds |
| 690 | 07|aMilitary technology|2gcpds |
| 700 | 1 |aDavidson, C. P. |q(Charles Peers), |cSir, |d1841-1929. |
| 710 | 1 |aCanada. |bPrivy Council Office. |
| 710 | 1 |aCanada.|bRoyal Commission Concerning Purchase of War Supplies and Sale of Small Arms Ammunition. |
| 856 | 40|ahttp://publications.gc.ca|qPDF|s1.56 MB|uhttps://publications.gc.ca/collections/collection_2014/bcp-pco/CP32-156-1917-eng.pdf |